Elementos Gasosos em Temperatura Ambiente - Statistics

Estatísticas Gerais
  • Esse quiz foi jogado 2 692 vezes
  • A pontuação média é 7 de 11
Estatísticas das Respostas
Elemento % Correto
Oxigênio
96%
Hélio
85%
Hidrogênio
84%
Nitrogênio
84%
Argônio
55%
Xenônio
53%
Neônio
52%
Criptônio
37%
Flúor
37%
Radônio
36%
Cloro
35%
Nenhum quiz correspondente encontrado
Distribuição das Pontuações
Porcentagem de Pessoas com Cada Pontuação
Percentil de Números Respondidos
Sua Pontuação Histórica
Você não jogou esse quiz